000 00797nas a2200253 4500
001 BR0900691
003 BR-BrBNA
005 20231205113058.0
007 ta
008 230509b bl.|||p| |||| 00| 00por d
040 _aBR-BrBNA
_bpor
_cBiblioteca Nacional de Agricultura
041 _a(En)
072 _aL53; L20
100 1 _aRoque, R.A.
100 1 _aEiras, A.E.
245 1 _aCalibration and evaluation of field cage for oviposition study with Aedes (Stegomyia)aegypti female (L.)(Diptera: Culicidae).
650 _aINSETO
650 _aAEDES AEGYPTI
650 _aDENGUE
650 _aOVOPOSIÇÃO
773 0 _tNeotropical Entomology (Brazil)
_xISSN 1519-566X
_g(Jul-Aug 2008), v. 37(4) p. 478-483
_wBR0900691
909 _a202311
_bLúcia
_c55
_dLúcia Elande
942 _2AGRIS
_n0
_cANA
999 _c201715
_d201715